000 00652nam a2200181Ia 4500
008 100921s9999 xx 000 0 und d
082 _b9672
_a808.068 थ 68
100 _aकुलकर्णी विनायक य.
245 _aथोर चातुर्यकथा 4.
260 _bजयंत आणि कंपनी,पुणे.
_c1968
300 _a80
_b---
365 _b2
520 _aललित-बालवाङ्रमय.
630 _aथोर चातुर्यकथा 4.
650 _aललित-बालवाङ्रमय.
730 _aथोर चातुर्यकथा 4.
942 _cBOOK
999 _c758785
_d758782